| 000 -LEADER |
| fixed length control field |
00376nam a2200145Ia 4500 |
| 003 - CONTROL NUMBER IDENTIFIER |
| control field |
OSt |
| 005 - DATE AND TIME OF LATEST TRANSACTION |
| control field |
20220407120643.0 |
| 008 - FIXED-LENGTH DATA ELEMENTS--GENERAL INFORMATION |
| fixed length control field |
220318s9999 xx 000 0 und d |
| 020 ## - INTERNATIONAL STANDARD BOOK NUMBER |
| International Standard Book Number |
9780198779377 |
| 082 ## - DEWEY DECIMAL CLASSIFICATION NUMBER |
| Classification number |
307.7609 |
| 100 ## - MAIN ENTRY--PERSONAL NAME |
| Personal name |
Clark, Peter, |
| Dates associated with a name |
1944- |
| 245 #0 - TITLE STATEMENT |
| Title |
The Oxford handbook of cities in world history |
| 260 ## - PUBLICATION, DISTRIBUTION, ETC. (IMPRINT) |
| Place of publication, distribution, etc |
OUP |
| Name of publisher, distributor, etc |
Oxford University Press |
| 942 ## - ADDED ENTRY ELEMENTS (KOHA) |
| Source of classification or shelving scheme |
|